| Поле | Инд. | ПП | Название | Значение |
|---|---|---|---|---|
| Тип записи | a | |||
| Библиографический уровень | b | |||
| 001 | Контрольный номер | 943fd8aeecb34fe8830a62822eadec3b | ||
| 005 | Дата корректировки | 20211123152122.3 | ||
| 024 | 80 | a | Стандартный номер | DOI: 10.1088/0954-3899/31/6/080 |
| 040 | a | Служба первич. каталог. | Scopus | |
| 041 | 0_ | a | Код языка текста | rus |
| 097 | a | Костяева О.Г. | ||
| 100 | 1_ | a | Автор | - |
| 100 | 1_ | q | Полное имя | Калиновский Юрий Леонидович |
| g | Прочие сведения | РИНЦ AuthorID: 10994 (http://elibrary.ru/author_items.asp?authorid=10994); Scopus Author ID: 6701716933 (https://www.scopus.com/authid/detail.uri?authorId=6701716933); ResearcherID: C-1499-2015 (http://www.researcherid.com/rid/C-1499-2015) | ||
| u | Дополнение | Калиновский Ю. Л.; Kalinovsky Yu L. | ||
| c | Титул (звания) | доцент; доктор физико-математических наук | ||
| i | 000091434 | |||
| k | Кафедра высшей математики; Общеобразовательные кафедры | |||
| a | Автор | Kalinovsky Yu. L. | ||
| 245 | 10 | a | Заглавие | Two-photon decay of π0 and η at finite temperature and density |
| 550 | a | Прим. об изд. организации | Кафедра высшей математики; Общеуниверситетские кафедры | |
| 773 | 18 | t | Название источника | Journal of Physics G: Nuclear and Particle Physics |
| d | Место и дата издания | 2005 | ||
| w | Контрольный № источника | ef8e195b47054011a70e823af1bdce48 | ||
| 901 | t | Тип документа | b | |
| 952 | c | Вид литературы | материалы конференции |